[Event "AUTO-INT-1309"]
[Site "http://www.queenalice.com/game.php?id=588777"]
[Date "2009.5.15"]
[Round "1"]
[White "TORNADO"]
[Black "Kuroi"]
[Result "0-1"]
[WhiteElo "1473"]
[BlackElo "1702"]

1. e4 e5 2. Nf3 Nf6 3. d3 Bc5 4. Nxe5 d6 5. Nxf7 Kxf7 6. g4 Nxg4 7. d4 Qf6 8.
Bc4+ Be6 9. Bxe6+ Qxe6 10. dxc5 Qxe4+ 11. Kd2 Nxf2 12. Rf1 Qf4+ 13. Kc3 Nxd1+
14. Rxd1 Qxh2 15. a3 Qe2 16. Rd2 Qe3+ 17. Kc4 b5+ 18. Kxb5 Qxc5+ 19. Ka4 Qc4+
20. b4 a5 21. Rf2+ Ke7 22. Bg5+ Kd7 23. Rf7+ Qxf7 24. Nc3 Qf5 0-1

[Event "AUTO-OPEN-1578"]
[Site "http://www.queenalice.com/game.php?id=598506"]
[Date "2009.6.4"]
[Round "1"]
[White "thw"]
[Black "TORNADO"]
[Result "1-0"]
[WhiteElo "2019"]
[BlackElo "1515"]

1. e4 e5 2. Nf3 d6 3. Bc4 Be6 4. Bxe6 fxe6 5. O-O c6 6. d4 exd4 7. Nxd4 e5 8.
Nb3 g6 9. Nc3 Nf6 10. Bg5 h6 11. Bxf6 Qxf6 12. Qg4 Nd7 13. f4 h5 14. fxe5 Qxe5
15. Qxg6+ Kd8 16. Qf5 Qxf5 17. exf5 Kc7 18. Rae1 b6 19. Nd4 Ne5 20. Ne6+ Kb7 21.
Ne4 d5 22. Nc3 Bb4 23. Rxe5 Rae8 24. Rfe1 Bxc3 25. bxc3 Kc8 26. f6 Rh7 27. Ng7
Rf8 28. Re8+ Rxe8 29. Rxe8+ Kb7 30. Re7+ Ka6 31. Ne6 Rh8 32. f7 Kb5 33. Re8 Rxe8
34. fxe8=Q a5 35. Qxh5 Kc4 36. Qf3 d4 37. Qd3+ Kd5 38. Nxd4 1-0

[Event "AUTO-OPEN-1578"]
[Site "http://www.queenalice.com/game.php?id=598507"]
[Date "2009.6.4"]
[Round "1"]
[White "TORNADO"]
[Black "thw"]
[Result "0-1"]
[WhiteElo "1498"]
[BlackElo "2018"]

1. e4 e6 2. e5 d6 3. exd6 Bxd6 4. d4 Nf6 5. f3 O-O 6. Bg5 h6 7. Bxf6 Qxf6 8. c3
c5 9. Ne2 b6 10. Qd3 Nc6 11. Nd2 cxd4 12. cxd4 Rd8 13. Ne4 Bb4+ 14. N4c3 Nxd4
15. Nxd4 Qxd4 16. Qxd4 Rxd4 17. a3 Bxc3+ 18. bxc3 Rd6 19. Rd1 Rxd1+ 20. Kxd1 Bb7
21. Kc2 Rc8 22. Bd3 f6 23. Bg6 Bd5 24. Rd1 Rc4 25. Rd4 Kf8 26. Rxc4 Bxc4 27. h4
Bf1 28. g4 Be2 29. g5 hxg5 30. hxg5 Bxf3 31. gxf6 gxf6 32. c4 Ke7 33. Kb3 f5 34.
Kb4 a6 35. c5 bxc5+ 36. Kxc5 Be2 37. Kb6 f4 38. Be4 f3 39. Bxf3 Bxf3 40. Kxa6 e5
41. Kb5 e4 42. Kc4 e3 43. Kd3 e2 0-1

[Event "AUTO-OPEN-1578"]
[Site "http://www.queenalice.com/game.php?id=598528"]
[Date "2009.6.4"]
[Round "1"]
[White "txukahamae"]
[Black "TORNADO"]
[Result "1-0"]
[WhiteElo "1806"]
[BlackElo "1493"]

1. d4 d5 2. c4 dxc4 3. Nc3 Bd7 4. a4 a6 5. Nf3 Bg4 6. e3 e6 7. Bxc4 Bb4 8. Bd2
Nf6 9. h3 Bxf3 10. Qxf3 O-O 11. Qxb7 Bxc3 12. Qxa8 Bxd2+ 13. Kxd2 Ne4+ 14. Qxe4
Qe7 15. Bd3 1-0

[Event "AUTO-OPEN-1578"]
[Site "http://www.queenalice.com/game.php?id=598529"]
[Date "2009.6.4"]
[Round "1"]
[White "TORNADO"]
[Black "txukahamae"]
[Result "0-1"]
[WhiteElo "1487"]
[BlackElo "1705"]

1. e4 c5 2. Bc4 e6 3. Nf3 d6 4. e5 dxe5 5. Nxe5 Nd7 6. Nxd7 Bxd7 7. O-O Nf6 8.
d4 cxd4 9. Qxd4 a6 10. Re1 Rc8 11. Bg5 Be7 12. Nc3 O-O 13. Rad1 Rc7 14. Bf4 Rc8
15. Be5 Bc6 16. Qxd8 Rcxd8 17. Bc7 Rxd1 18. Rxd1 Rc8 19. Bb6 Bxg2 20. Kxg2 Rxc4
0-1

[Event "AUTO-INT-1333"]
[Site "http://www.queenalice.com/game.php?id=598595"]
[Date "2009.6.4"]
[Round "1"]
[White "TORNADO"]
[Black "RonB52734"]
[Result "0-1"]
[WhiteElo "1477"]
[BlackElo "1661"]

1. e4 e5 2. Nf3 Nc6 3. Bb5 a6 4. Bxc6 dxc6 5. Nxe5 Qd4 6. Nxf7 Qxe4+ 7. Kf1 Qc4+
8. Qe2+ Qxe2+ 9. Kxe2 Kxf7 10. Re1 Nf6 11. Kf1 Bd6 12. d3 Re8 13. Bg5 Rxe1+ 14.
Kxe1 Bf5 15. g3 Re8+ 16. Kf1 Bh3+ 0-1

[Event "AUTO-INT-1333"]
[Site "http://www.queenalice.com/game.php?id=598596"]
[Date "2009.6.4"]
[Round "1"]
[White "RonB52734"]
[Black "TORNADO"]
[Result "1-0"]
[WhiteElo "1685"]
[BlackElo "1513"]

1. d4 d5 2. c4 dxc4 3. e4 b5 4. a4 Bd7 5. axb5 Bxb5 6. Nc3 a6 7. Nxb5 axb5 8.
Rxa8 e6 9. d5 Qc8 10. Bd2 Qb7 11. Qa1 exd5 12. exd5 Bd6 13. Qa7 Qxa7 14. Rxa7
Nd7 15. Nf3 Ke7 16. Be2 Ngf6 17. Bg5 h6 18. Bxf6+ Nxf6 19. Nd4 Nxd5 20. Nxb5 Be5
21. Bxc4 Ke6 22. Nxc7+ Bxc7 23. Rxc7 Kd6 24. Rxf7 Re8+ 25. Be2 g5 26. Kd2 Rh8
27. Bf3 Rb8 28. Rb1 Ke6 29. Rh7 Rd8 30. Rxh6+ Kf5 31. Bxd5 Rxd5+ 32. Ke3 Re5+
33. Kf3 g4+ 34. Kg3 Re4 35. Rh5+ Kg6 36. Rh4 Kg5 37. f3 Rb4 38. Rxg4+ Rxg4+ 39.
fxg4 1-0

[Event "AUTO-INT-1333"]
[Site "http://www.queenalice.com/game.php?id=598597"]
[Date "2009.6.4"]
[Round "1"]
[White "TORNADO"]
[Black "Givanildo"]
[Result "0-1"]
[WhiteElo "1493"]
[BlackElo "1552"]

1. e4 e5 2. Nf3 Bd6 3. Bc4 Nf6 4. O-O Nc6 5. d3 Bc5 6. Ng5 O-O 7. Nc3 d6 8. Nd5
Kh8 9. Nxf6 Qxf6 10. Nxh7 Qh4 11. Nxf8 Bg4 12. Qd2 Nd4 13. Nd7 Be2 14. Re1 Qg4
15. Qe3 Nf3+ 16. Kh1 Nxe1 17. Qh3+ Qxh3 18. gxh3 Bxf2 0-1

[Event "AUTO-INT-956"]
[Site "http://www.queenalice.com/game.php?id=603642"]
[Date "2009.6.15"]
[Round "2"]
[White "TORNADO"]
[Black "Maffu"]
[Result "1-0"]
[WhiteElo "1488"]
[BlackElo "1753"]

1. e4 d6 2. Nf3 Nf6 3. Bc4 g6 4. O-O Bg7 5. Ng5 O-O 6. d3 a6 7. f4 Nbd7 8. Nc3
b5 9. Bb3 Bb7 10. f5 c5 11. fxg6 hxg6 12. a3 Qb6 13. Bd5 Nxd5 14. Nxd5 Bxd5 15.
exd5 Nf6 16. Be3 Nxd5 17. Qf3 Bxb2 18. Ra2 Nxe3 19. Qh3 1-0

[Event "AUTO-INT-956"]
[Site "http://www.queenalice.com/game.php?id=603643"]
[Date "2009.6.15"]
[Round "2"]
[White "Maffu"]
[Black "TORNADO"]
[Result "1-0"]
[WhiteElo "1732"]
[BlackElo "1461"]

1. e4 e5 2. Nc3 Nf6 3. f4 d6 4. Nf3 exf4 5. Bc4 Be6 6. Bxe6 fxe6 7. d4 Ng4 8.
Bxf4 Be7 9. Ng5 Bxg5 10. Qxg4 Bxf4 11. Qxf4 Qf6 12. O-O Qxd4+ 13. Kh1 Qf6 14.
Qg4 Qg6 15. Qe2 e5 16. Qb5+ Nd7 17. Qxb7 Rb8 18. Qxa7 Rc8 19. Nd5 Qxe4 20. Nxc7+
Kd8 21. Ne6+ Ke7 22. Nxg7 Qxc2 23. Nf5+ 1-0

[Event "Challenge"]
[Site "http://www.queenalice.com/game.php?id=612866"]
[Date "2009.7.3"]
[Round "-"]
[White "TORNADO"]
[Black "Saintsalles"]
[Result "0-1"]
[WhiteElo "1397"]
[BlackElo "1762"]

1. e4 e5 2. Nf3 d6 3. d4 f6 4. d5 a6 5. Bd3 Bd7 6. O-O h6 7. c4 Ne7 8. Nc3 g5 9.
Ne1 c6 10. Qh5+ Ng6 11. Qxg6+ Ke7 12. Qh5 Be8 13. Qf3 Bg6 14. Qh3 Bf7 15. Be2
Nd7 16. Bg4 h5 17. Bxd7 Qxd7 18. Qxd7+ Kxd7 0-1